Statistiques concernant Jeux Olympiques 2022 - Tableau des médailles

Cliquez ici pour prendre le quiz!

Statistiques générales

  • Ce quiz a été pris 21 632 fois
  • Le résultat moyen est 17 sur 23

Statistiques - réponses

OABMédaillesPays% Correct
810725États-Unis
99%
57214France
99%
94215Chine
98%
6121432Comité Olympique Russe
98%
36918Japon
93%
1210426Allemagne
91%
481426Canada
90%
27817Italie
86%
1681337Norvège
85%
85518Suède
85%
1102Royaume-Uni
84%
2248Finlande
80%
72615Suisse
76%
1214Australie
71%
2529Corée du Sud
66%
77418Autriche
65%
85417Pays-Bas
64%
1012Belgique
62%
1023Hongrie
45%
1012République Tchèque
43%
2103Nouvelle-Zélande
42%
1012Slovaquie
42%
2327Slovénie
42%

Distribution des résultats

Percentile par nombre de réponses

% des personnes avec chaque résultat

Votre développement - résultats

Vous n’avez pas pris ce quiz